000 00819 a2200241 4500
005 20260106122726.0
008 260106b |||||||| |||| 00| 0 eng d
020 _a978-93-6080-075-8 (hbk)
037 _cTB
040 _aAL
_cAL
041 _2eng
_aeng
084 _aX:5v5K47->L92 R5
_qAL
100 _aStephen, S. Jeyaseela
_9821609
245 _aSlaves from the Tamil coast and European trade around the world, 1547-1792
260 _aNew Delhi, India:
_bManohar,
_c2025.
300 _a216p.
365 _b1395
_cINR
650 _aTrade History
_9862168
650 _aEurope History
_9862169
650 _aSlave Trade History
_9862170
942 _cTB
_2CC
_n0
_hX:5v5K47->L92 R5
999 _c1435591
_d1435591